|
|
|
|
| LEADER |
00000cam a2200000 7i4500 |
| 001 |
0000089954 |
| 005 |
20230125130318.0 |
| 008 |
220906 |
| 020 |
|
|
|a 9789672459323
|
| 041 |
|
|
|a Malay
|
| 090 |
0 |
0 |
|a 297.5
|b HAS
|
| 100 |
0 |
|
|a Hasrizal Abdul Jamil
|c Ustaz ,
|d 1975
|
| 245 |
0 |
0 |
|a Sisi berakhlak yang hilang
|c Ustaz Hasrizal Abdul Jamil
|
| 260 |
|
|
|a Selangor :
|b Iman Pub. ,
|c 2022
|
| 300 |
|
|
|a 203 p. ;
|c 21 cm.
|
| 541 |
|
|
|c Purchase on 2022
|f F220627 FGS
|h RM35.00
|
| 650 |
|
0 |
|a Islam ethics
|
| 650 |
|
0 |
|a Islam
|x Customs and practices
|
| 650 |
|
0 |
|a Muslims
|x Conduct of lifa
|
| 730 |
0 |
|
|a Judul
|
| 999 |
|
|
|a 0001689766
|b Book
|c Adult Collection
|e Perbadanan Perpustakaan Awam Johor
|
| 999 |
|
|
|a 0001689767
|b Book
|c Adult Collection
|e Perbadanan Perpustakaan Awam Johor
|
| 999 |
|
|
|a 0001689768
|b Book
|c Adult Collection
|e Cawangan Kota Tinggi
|
| 999 |
|
|
|a 0001689769
|b Book
|c Adult Collection
|e Cawangan Urban Transformation Centre
|
| 999 |
|
|
|a 0001689770
|b Book
|c Adult Collection
|e Cawangan Urban Transformation Centre
|
| 999 |
|
|
|a 0001689771
|b Book
|c Adult Collection
|e Cawangan AEON Kulaijaya
|
| 999 |
|
|
|a 0001689772
|b Book
|c Adult Collection
|e Perbadanan Perpustakaan Awam Johor
|
| 999 |
|
|
|a 0001689773
|b Book
|c Adult Collection
|e Cawangan Mersing
|
| 999 |
|
|
|a 0001689774
|b Book
|c Adult Collection
|e Cawangan Muar
|
| 999 |
|
|
|a 0001689775
|b Book
|c Adult Collection
|e Cawangan Segamat
|
| 999 |
|
|
|a 0001689776
|b Book
|c Adult Collection
|e Cawangan Taman Sri Lambak
|
| 999 |
|
|
|a 0001689777
|b Book
|c Adult Collection
|e Cawangan Bandar Penawar
|
| 999 |
|
|
|a 0001689778
|b Book
|c Adult Collection
|e Cawangan Bukit Gambir
|
| 999 |
|
|
|a 0001689779
|b Book
|c Adult Collection
|e Cawangan AEON Kulaijaya
|
| 999 |
|
|
|a 0001689780
|b Book
|c Adult Collection
|e Cawangan Tmn. Ungku Tun Aminah
|
| 999 |
|
|
|a 0001689781
|b Book
|c Adult Collection
|e Cawangan Bandar Tenggara
|
| 999 |
|
|
|a 0001689782
|b Book
|c Adult Collection
|e Cawangan Batu Pahat
|
| 999 |
|
|
|a 0001689783
|b Book
|c Adult Collection
|e Cawangan Tangkak
|
| 999 |
|
|
|a 0001689784
|b Book
|c Adult Collection
|e Cawangan Pontian
|
| 999 |
|
|
|a 0001690282
|b Book
|c Children Collection
|e Desa - PPAJ
|
| 999 |
|
|
|a 0001690283
|b Book
|c Children Collection
|e Desa - PPAJ
|
| 999 |
|
|
|a 0001690284
|b Book
|c Children Collection
|e Desa - PPAJ
|
| 999 |
|
|
|a 0001690285
|b Book
|c Children Collection
|e Desa - PPAJ
|
| 999 |
|
|
|a 0001690286
|b Book
|c Children Collection
|e Desa - PPAJ
|
| 999 |
|
|
|a 0001690287
|b Book
|c Children Collection
|e Desa - PPAJ
|
| 999 |
|
|
|a 0001690288
|b Book
|c Children Collection
|e Desa - PPAJ
|
| 999 |
|
|
|a 0001690289
|b Book
|c Children Collection
|e Desa - PPAJ
|
| 999 |
|
|
|a 0001690290
|b Book
|c Children Collection
|e Desa - PPAJ
|
| 999 |
|
|
|a 0001690291
|b Book
|c Children Collection
|e Desa - PPAJ
|
| 999 |
|
|
|a 0001690292
|b Book
|c Children Collection
|e Desa - PPAJ
|
| 999 |
|
|
|a 0001690293
|b Book
|c Children Collection
|e Desa - PPAJ
|
| 999 |
|
|
|a 0001690294
|b Book
|c Children Collection
|e Desa - PPAJ
|
| 999 |
|
|
|a 0001690316
|b Book
|c Children Collection
|e Desa - PPAJ
|
| 999 |
|
|
|a 0001690317
|b Book
|c Children Collection
|e Desa - PPAJ
|
| 999 |
|
|
|a 0001690318
|b Book
|c Children Collection
|e Desa - PPAJ
|
| 999 |
|
|
|a 0001690319
|b Book
|c Children Collection
|e Desa - PPAJ
|
| 999 |
|
|
|a 0001690320
|b Book
|c Children Collection
|e Desa - PPAJ
|
| 999 |
|
|
|a 0001690321
|b Book
|c Children Collection
|e Desa - PPAJ
|
| 999 |
|
|
|a 0001690322
|b Book
|c Children Collection
|e Desa - PPAJ
|
| 999 |
|
|
|a 0001690323
|b Book
|c Children Collection
|e Desa - PPAJ
|
| 999 |
|
|
|a 0001690330
|b Book
|c Children Collection
|e Desa - PPAJ
|
| 999 |
|
|
|a 0001690331
|b Book
|c Children Collection
|e Desa - PPAJ
|
| 999 |
|
|
|a 0001690337
|b Book
|c Children Collection
|e Desa - PPAJ
|
| 999 |
|
|
|a 0001690341
|b Book
|c Children Collection
|e Desa - PPAJ
|
| 999 |
|
|
|a 0001690343
|b Book
|c Children Collection
|e Desa - PPAJ
|
| 999 |
|
|
|a 0001690344
|b Book
|c Children Collection
|e Desa - PPAJ
|
| 999 |
|
|
|a 0001690346
|b Book
|c Children Collection
|e Desa - PPAJ
|
| 999 |
|
|
|a 0001690348
|b Book
|c Children Collection
|e Desa - PPAJ
|
| 999 |
|
|
|a 0001690350
|b Book
|c Children Collection
|e Desa - PPAJ
|
| 999 |
|
|
|a 0001690352
|b Book
|c Children Collection
|e Desa - PPAJ
|
| 999 |
|
|
|a 0001690353
|b Book
|c Children Collection
|e Desa - PPAJ
|
| 999 |
|
|
|a 0001690354
|b Book
|c Children Collection
|e Desa - PPAJ
|
| 999 |
|
|
|a 0001690356
|b Book
|c Children Collection
|e Desa - PPAJ
|
| 999 |
|
|
|a 0001690357
|b Book
|c Children Collection
|e Desa - PPAJ
|
| 999 |
|
|
|a 0001690358
|b Book
|c Children Collection
|e Desa - PPAJ
|
| 999 |
|
|
|a 0001690359
|b Book
|c Children Collection
|e Desa - PPAJ
|
| 999 |
|
|
|a 0001690360
|b Book
|c Children Collection
|e Desa - PPAJ
|
| 999 |
|
|
|a 0001690361
|b Book
|c Children Collection
|e Desa - PPAJ
|
| 999 |
|
|
|a 0001690368
|b Book
|c Children Collection
|e Desa - PPAJ
|
| 999 |
|
|
|a 0001690369
|b Book
|c Children Collection
|e Desa - PPAJ
|